[Event "Elit(Vasteras-Skara)"]
[Site "?"]
[Date "2007.10.20"]
[Round "2"]
[White "Wikstrom, Per"]
[Black "Dahlstrom, Rickard"]
[Result "1-0"]
[WhiteElo "2175"]
[BlackElo "2067"]
[PlyCount "129"]

1. d4 d5 2. Nf3 Nf6 3. Bf4 c6 4. c3 g6 5. e3 Bg7 6. Bd3 O-O 7. h3 Nbd7 8. Nbd2
Re8 9. Bh2 a6 10. O-O Nf8 11. Qc2 Bd7 12. Rfe1 Qc8 13. e4 dxe4 14. Nxe4 Nd5 15.
Qd2 Bf5 16. Re2 Ne6 17. Rae1 a5 18. a3 b5 19. g4 Bxe4 20. Bxe4 Rd8 21. Ne5 Nf8
22. Nd3 e6 23. Qc2 Nd7 24. Bg2 Ra7 25. Bg3 Bf6 26. b3 a4 27. b4 N5b6 28. Nb2
Bg7 29. Bh4 Re8 30. f4 Nf6 31. Bg3 Rd8 32. Kh2 Nfd5 33. Nd3 Nc4 34. Qc1 Bh6 35.
g5 Bg7 36. h4 h5 37. Ne5 Nd6 38. Be4 Nc4 39. Nxc4 bxc4 40. Qc2 Qa6 41. Bxg6
fxg6 42. Qxg6 Rf7 43. Rxe6 Rdf8 44. Re8 Qb7 45. f5 Ne7 46. Rxf8+ Kxf8 47. Qe6
Qc8 48. f6 Bxf6 49. gxf6 Qxe6 50. Rxe6 Nd5 51. Be5 Rb7 52. Rxc6 Nxc3 53. Rxc4
Nb5 54. Rc8+ Kf7 55. Kg3 Nxa3 56. Ra8 Nc2 57. Rxa4 Nxb4 58. Kf4 Nd5+ 59. Kg5
Rb1 60. Ra7+ Ke6 61. Ra6+ Kf7 62. Kxh5 Rg1 63. Ra7+ Kf8 64. Bd6+ Ke8 65. f7+
1-0

[Event "Elit(Rockaden-Kamraterna)"]
[Site "?"]
[Date "2007.10.20"]
[Round "2"]
[White "Svensson, Bengt"]
[Black "Olsson, Anders"]
[Result "1/2-1/2"]
[WhiteElo "2508"]
[BlackElo "2479"]
[PlyCount "46"]
[SourceDate "2007.11.02"]

1. e4 e6 2. d4 d5 3. Nc3 Bb4 4. e5 c5 5. a3 Bxc3+ 6. bxc3 Ne7 7. Qg4 O-O 8. Bd3
Nbc6 9. Qh5 Ng6 10. Nf3 Qc7 11. Be3 Nce7 12. h4 Bd7 13. Qg5 cxd4 14. cxd4 h6
15. Qg4 f5 16. exf6 e5 17. Qg3 Qc3+ 18. Ke2 Nf5 19. Bxf5 Bxf5 20. h5 Qc4+ 21.
Ke1 Qc3+ 22. Ke2 Qc4+ 23. Ke1 Qc3+ 1/2-1/2

[Event "Elit(Rockaden-Kamraterna)"]
[Site "?"]
[Date "2007.10.20"]
[Round "2"]
[White "Hermansson, Emil"]
[Black "Hamark, Jesper"]
[Result "1-0"]
[WhiteElo "2543"]
[BlackElo "2381"]
[PlyCount "73"]

1. e4 e5 2. Nf3 Nc6 3. Bb5 a6 4. Ba4 Nf6 5. O-O Be7 6. Re1 b5 7. Bb3 d6 8. c3
O-O 9. h3 Na5 10. Bc2 c5 11. d4 Qc7 12. Nbd2 Nc6 13. d5 Nd8 14. a4 Rb8 15. b4
Bd7 16. Nf1 Ne8 17. Be3 f6 18. N3d2 Nf7 19. bxc5 dxc5 20. axb5 axb5 21. c4 Ned6
22. cxb5 Nxb5 23. Nc4 Nfd6 24. Nfd2 Ra8 25. Bd3 Nd4 26. Qb1 Rxa1 27. Qxa1 Rb8
28. Qa2 Kf8 29. Ra1 Rb4 30. Qa8+ Rb8 31. Qa5 Qxa5 32. Rxa5 Bb5 33. f4 Bxc4 34.
Nxc4 Rb3 35. Ra8+ Kf7 36. fxe5 Rxd3 37. exd6 1-0

[Event "Elit(Rockaden-Kamraterna)"]
[Site "?"]
[Date "2007.10.20"]
[Round "2"]
[White "Aberg, Anton"]
[Black "Barkhagen, Jonas"]
[Result "1/2-1/2"]
[WhiteElo "2395"]
[BlackElo "2556"]
[PlyCount "63"]

1. d4 Nf6 2. c4 e6 3. g3 d5 4. Nf3 Be7 5. Bg2 O-O 6. O-O dxc4 7. Qc2 a6 8. Qxc4
b5 9. Qc2 Bb7 10. Bd2 Be4 11. Qc1 Ra7 12. Rd1 Nbd7 13. Ba5 Qa8 14. b4 Nb8 15.
Nc3 Bb7 16. a4 Nd5 17. axb5 Nxc3 18. Qxc3 axb5 19. Bxc7 Rc8 20. Rxa7 Qxa7 21.
Bxb8 Qa4 22. Qd3 Be4 23. Qd2 Bxb4 24. Rc1 Rxb8 25. Qf4 Qa8 26. Ng5 Bxg2 27.
Qxf7+ Kh8 28. Qxe6 Bd5 29. Nf7+ Kg8 30. Nh6+ Kh8 31. Nf7+ Kg8 32. Nh6+ 1/2-1/2

[Event "Elit(Rockaden-Kamraterna)"]
[Site "?"]
[Date "2007.10.20"]
[Round "2"]
[White "Engqvist, Thomas"]
[Black "Andreasson, Ingvar"]
[Result "1-0"]
[WhiteElo "2428"]
[BlackElo "2400"]
[PlyCount "87"]

1. c4 g6 2. e4 Bg7 3. d4 d6 4. Nc3 Nf6 5. Nf3 O-O 6. Be2 e5 7. dxe5 dxe5 8.
Qxd8 Rxd8 9. Bg5 Re8 10. Nd5 Nxd5 11. cxd5 h6 12. Be3 c6 13. Bc4 cxd5 14. Bxd5
Nd7 15. Nd2 Nf6 16. Bb3 Be6 17. Bxe6 Rxe6 18. Ke2 Ng4 19. Bc5 Rc6 20. Bb4 h5
21. Rac1 Rac8 22. Rxc6 Rxc6 23. Bc3 f6 24. f3 Nh6 25. Rd1 Nf7 26. Nb3 Rd6 27.
Rxd6 Nxd6 28. Na5 b6 29. Nc6 a5 30. Ne7+ Kf7 31. Nd5 Nc8 32. Kd3 Ke6 33. Kc4 f5
34. Kb5 fxe4 35. fxe4 Bf8 36. Nxb6 Nd6+ 37. Kc6 Nxe4 38. Bxe5 Bb4 39. Nc4 Nd2
40. Nxd2 Kxe5 41. Nc4+ Kf4 42. a3 Be1 43. Nxa5 h4 44. Nc4 1-0

[Event "Elit(Rockaden-Kamraterna)"]
[Site "?"]
[Date "2007.10.20"]
[Round "2"]
[White "Svenn, Gosta"]
[Black "Hedman, Erik"]
[Result "0-1"]
[WhiteElo "2362"]
[BlackElo "2442"]
[PlyCount "138"]

1. d4 Nf6 2. c4 e6 3. Nf3 c5 4. d5 exd5 5. cxd5 d6 6. Nc3 g6 7. e4 a6 8. h3 b5
9. Bd3 Bg7 10. O-O O-O 11. Bf4 Re8 12. Re1 Ra7 13. a3 Rae7 14. b4 Nh5 15. Bd2
Nd7 16. g4 Nhf6 17. Rc1 h5 18. g5 Nh7 19. Bf4 c4 20. Bf1 Bxc3 21. Rxc3 Rxe4 22.
Rce3 Rxe3 23. Rxe3 Rxe3 24. Bxe3 f6 25. gxf6 Ndxf6 26. Bg2 Qe8 27. Qd4 Qe4 28.
Qa7 Qf5 29. Nd4 Qd7 30. Qb6 Bb7 31. Nc6 Ne8 32. Bd2 Nhf6 33. Bc3 Nh7 34. Nd8
Bc8 35. Ne6 Nhf6 36. Qe3 Qf7 37. Ng5 Qc7 38. Qd4 Bf5 39. Qe3 Kf8 40. Ne6+ Bxe6
41. dxe6 Ke7 42. Be4 Qc8 43. Bxg6 Qxe6 44. Qf3 Nd5 45. Bxh5 Nxc3 46. Qxc3 Nf6
47. Bd1 Qe4 48. Bc2 Qe5 49. Qxe5+ dxe5 50. Kg2 Ke6 51. Kf3 Kd5 52. Ke3 e4 53.
f3 exf3 54. Kxf3 Kd4 55. Kf4 Kc3 56. Bg6 Kb2 57. Ke5 Ng8 58. Ke6 Kxa3 59. Kf7
Nh6+ 60. Kg7 Kxb4 61. Kxh6 a5 62. h4 a4 63. h5 Kb3 64. Kg5 a3 65. Bb1 Kb2 66.
h6 Kxb1 67. h7 c3 68. h8=Q c2 69. Qd4 c1=Q+ 0-1

[Event "Elit(Rockaden-Kamraterna)"]
[Site "?"]
[Date "2007.10.20"]
[Round "2"]
[White "Bator, Robert"]
[Black "Haggstrom, Olle"]
[Result "1/2-1/2"]
[WhiteElo "2405"]
[BlackElo "2243"]
[PlyCount "43"]

1. d4 d5 2. Nf3 Nf6 3. c4 e6 4. g3 dxc4 5. Bg2 Nc6 6. Qa4 Nd7 7. Qxc4 Nb6 8.
Qd3 e5 9. Nxe5 Nxd4 10. O-O f6 11. Nf3 Nxf3+ 12. Qxf3 Bd6 13. a4 a5 14. Be3 Nd7
15. Qh5+ g6 16. Qd5 Qe7 17. Bh6 Ne5 18. Nc3 c6 19. Qd2 Ng4 20. Rad1 Be5 21. Bf4
O-O 22. h3 1/2-1/2

[Event "Elit(Rockaden-Kamraterna)"]
[Site "?"]
[Date "2007.10.20"]
[Round "2"]
[White "Madebrink, Lars"]
[Black "Livner, Anders"]
[Result "1-0"]
[WhiteElo "2397"]
[BlackElo "2242"]
[PlyCount "66"]

1. d4 d5 2. c4 dxc4 3. Qa4+ c6 4. Qxc4 Nf6 5. Nf3 Bf5 6. Nc3 e6 7. g3 Be7 8.
Bg2 O-O 9. O-O Ne4 10. Bf4 Nd7 11. Rfd1 Nxc3 12. bxc3 Bc2 13. e4 Bxe4 14. Qe2
Nf6 15. c4 h6 16. Be5 Bg6 17. Rd2 Qa5 18. Rb2 Qa6 19. h3 Rac8 20. Nd2 Rfd8 21.
Re1 Nd7 22. Bf4 Nb6 23. c5 Nd5 24. Qxa6 bxa6 25. Bxd5 Rxd5 26. Rb7 Bf6 27. Nb3
Bxd4 28. Nxd4 Rxd4 29. Rxa7 Ra4 30. Re2 Bb1 31. Rb2 Bxa2 32. Rbb7 Bd5 33. g4
Rxf4 1-0

[Event "Elit(Rockaden-Kamraterna)"]
[Site "?"]
[Date "2007.10.20"]
[Round "2"]
[White "Blomqvist, Erik"]
[Black "Svenn, Matti"]
[Result "1/2-1/2"]
[WhiteElo "2405"]
[BlackElo "2236"]
[PlyCount "63"]

1. e4 e5 2. Nf3 Nc6 3. Bb5 a6 4. Ba4 Nf6 5. O-O Be7 6. Re1 b5 7. Bb3 d6 8. c3
O-O 9. h3 Na5 10. Bc2 c5 11. d4 Qc7 12. Nbd2 Nc6 13. d5 Nd8 14. a4 Rb8 15. axb5
axb5 16. b4 Ne8 17. Nf1 f6 18. Be3 Nf7 19. Qd2 g6 20. g4 Ng7 21. Ng3 Bd7 22.
Ra3 Ra8 23. Rea1 Rxa3 24. Rxa3 Qb7 25. Bb1 Ra8 26. Qa2 Rxa3 27. Qxa3 c4 28. Qa7
Qxa7 29. Bxa7 Bd8 30. Nd2 Ne8 31. Kg2 Nc7 32. Bc2 1/2-1/2

[Event "Elit(Sollentuna-Manhem)"]
[Site "?"]
[Date "2007.10.20"]
[Round "2"]
[White "Sagit, Rauan"]
[Black "Ivanov, Sergej"]
[Result "0-1"]
[WhiteElo "2353"]
[BlackElo "2587"]
[PlyCount "86"]
[SourceDate "2007.11.03"]

1. e4 e6 2. d4 d5 3. Nd2 Be7 4. Ngf3 Nf6 5. Bd3 c5 6. e5 Nfd7 7. c3 Nc6 8. O-O
h5 9. c4 cxd4 10. cxd5 Ndxe5 11. Nxe5 Nxe5 12. Bb5+ Bd7 13. Bxd7+ Qxd7 14. dxe6
Qxe6 15. Nb3 Qg6 16. Nxd4 O-O 17. Nf3 Nd3 18. Be3 Bf6 19. Qb3 b6 20. Rad1 Rfd8
21. Rd2 Rd7 22. Rfd1 Rad8 23. Kf1 Qf5 24. Ke2 Nxb2 25. Rxd7 Rxd7 26. Rc1 Nd3
27. Rc8+ Kh7 28. Qc4 Nb4 29. a3 Nd5 30. Qb3 Nf4+ 31. Bxf4 Re7+ 32. Be3 Qxc8 33.
Qd3+ g6 34. h3 Rd7 35. Qb5 Qc2+ 36. Nd2 Rd8 37. Qb4 Qd3+ 38. Kf3 Bc3 39. Qf4
Qd5+ 40. Ne4 Be5 41. Qh6+ Kg8 42. g4 Bg7 43. Qf4 f5 0-1

[Event "Elit(Sollentuna-Manhem)"]
[Site "?"]
[Date "2007.10.20"]
[Round "2"]
[White "Agrest, Evgenij"]
[Black "Nithander, Victor"]
[Result "1-0"]
[WhiteElo "2653"]
[BlackElo "2433"]
[PlyCount "171"]

1. Nf3 g6 2. d4 Bg7 3. c4 d6 4. Nc3 Nf6 5. Bg5 Nbd7 6. e3 c5 7. d5 h6 8. Bh4 g5
9. Bg3 Nh5 10. Be2 Ndf6 11. Qc2 Nxg3 12. hxg3 e6 13. dxe6 Bxe6 14. Rd1 a6 15.
Rd2 Qc7 16. Qa4+ Bd7 17. Qd1 Ke7 18. O-O Be6 19. Qc2 Rhe8 20. Nh2 Kf8 21. b3
Rad8 22. Bf3 Qc8 23. Rfd1 g4 24. Be2 Qc6 25. Bd3 h5 26. Nf1 Rd7 27. Ne4 d5 28.
cxd5 Rxd5 29. Nxf6 Bxf6 30. Be4 Rxd2 31. Nxd2 Qc7 32. Bf5 Kg7 33. Rc1 b6 34.
Bd3 Qb7 35. Ne4 Be5 36. Ng5 Bf6 37. Nxe6+ Rxe6 38. Qe2 a5 39. Bb5 Qc7 40. Rd1
Rd6 41. a4 Rxd1+ 42. Qxd1 Qe5 43. Qd7 Qe7 44. Qd3 Bg5 45. Bc4 Qe5 46. Qd1 Be7
47. Qd7 Qa1+ 48. Kh2 Qe5 49. Bd5 Qf6 50. Bc4 Qe5 51. Bd3 Qe6 52. Qxe6 fxe6 53.
Bc4 Kf6 54. Kg1 Bd6 55. Kf1 Be5 56. Ke2 Bc3 57. Bb5 Kg5 58. Bd7 e5 59. f3 gxf3+
60. gxf3 h4 61. f4+ exf4 62. gxf4+ Kf6 63. e4 Ke7 64. Bh3 Bb2 65. Kd2 Kd6 66.
Kd3 Kc6 67. e5 b5 68. axb5+ Kxb5 69. Ke4 c4 70. bxc4+ Kc6 71. f5 a4 72. f6 a3
73. f7 a2 74. f8=Q a1=Q 75. Qd6+ Kb7 76. Qb4+ Ka6 77. Qb5+ Ka7 78. Qd7+ Kb6 79.
Qd6+ Kb7 80. Kf5 Qb1+ 81. Kf6 Qe4 82. Qb4+ Kc7 83. Qxb2 Qf3+ 84. Bf5 Qf4 85. e6
Qd6 86. Qe5 1-0

[Event "Elit(Sollentuna-Manhem)"]
[Site "?"]
[Date "2007.10.20"]
[Round "2"]
[White "Akesson, Joel"]
[Black "Lindberg, Bo"]
[Result "1/2-1/2"]
[WhiteElo "2388"]
[BlackElo "2472"]
[PlyCount "53"]

1. d4 Nf6 2. c4 e6 3. Nf3 b6 4. e3 Bb7 5. Bd3 d5 6. cxd5 exd5 7. O-O Bd6 8. b3
Qe7 9. Nc3 a6 10. Bb2 Nbd7 11. Ne2 Ne4 12. Ng3 g6 13. Rc1 h5 14. Qc2 h4 15. Ne2
h3 16. g3 Rc8 17. Nc3 O-O 18. Qe2 Ra8 19. Rfd1 Rfe8 20. Qf1 Qf6 21. Be2 Qf5 22.
Nh4 Qe6 23. Nxe4 dxe4 24. Bc4 Qg4 25. Be2 Qe6 26. Bc4 Qg4 27. Be2 1/2-1/2

[Event "Elit(Sollentuna-Manhem)"]
[Site "?"]
[Date "2007.10.20"]
[Round "2"]
[White "Cramling, Pia"]
[Black "Moberg, Karl Johan"]
[Result "1-0"]
[WhiteElo "2589"]
[BlackElo "2327"]
[PlyCount "83"]

1. d4 Nf6 2. Nf3 g6 3. Bf4 Bg7 4. e3 d5 5. h3 c5 6. c3 Nc6 7. Nbd2 Qb6 8. Qb3
c4 9. Qc2 Bf5 10. Qc1 h6 11. Be2 g5 12. Bh2 O-O 13. O-O Qd8 14. Ne5 Ne4 15.
Nxc6 bxc6 16. Nxe4 Bxe4 17. b3 cxb3 18. axb3 Qb6 19. Qa3 Rfe8 20. b4 e5 21. Ba6
Bf5 22. Qa5 Bd7 23. Rfd1 f5 24. Bxe5 Bxe5 25. dxe5 Rxe5 26. Bf1 Qxa5 27. Rxa5
Re7 28. g3 Be6 29. Rc5 Rc8 30. f4 Kg7 31. Kf2 Rcc7 32. Ra1 Bf7 33. Bd3 Kf6 34.
Ra6 Re6 35. b5 Be8 36. c4 dxc4 37. Rxf5+ Ke7 38. Bxc4 Rd6 39. Re5+ Kd8 40. b6
axb6 41. Ra8+ Kd7 42. Rexe8 1-0

[Event "Elit(Sollentuna-Manhem)"]
[Site "?"]
[Date "2007.10.20"]
[Round "2"]
[White "Schneider, Lars-Ake"]
[Black "Poley, Vladimir"]
[Result "1/2-1/2"]
[WhiteElo "2328"]
[BlackElo "2412"]
[PlyCount "59"]
[EventDate "2007.??.??"]

1. e4 g6 2. d4 Bg7 3. Nc3 c6 4. Be3 d5 5. e5 f6 6. f4 Qb6 7. Na4 Qa5+ 8. c3 Nd7
9. b4 Qc7 10. Nf3 Nh6 11. Be2 Nf8 12. O-O Bg4 13. Nc5 Nf5 14. Bd2 b6 15. Nb3 h5
16. a4 Ne6 17. a5 Rb8 18. h3 Ng3 19. hxg4 Nxf1 20. Bxf1 hxg4 21. Ne1 f5 22. g3
Kf7 23. Bg2 Rh5 24. Nd3 Rbh8 25. axb6 axb6 26. Be3 Qd8 27. Nd2 Qg8 28. Nf1 b5
29. Ra6 Qc8 30. Qa1 1/2-1/2

[Event "Elit(Sollentuna-Manhem)"]
[Site "?"]
[Date "2007.10.20"]
[Round "2"]
[White "Ernst, Thomas"]
[Black "Andersson, Bjorn"]
[Result "1-0"]
[WhiteElo "2530"]
[BlackElo "2320"]
[PlyCount "81"]

1. e4 e5 2. Nf3 Nc6 3. Bb5 Bc5 4. c3 Nf6 5. d4 Bb6 6. Qe2 O-O 7. dxe5 Ng4 8.
Bxc6 bxc6 9. h3 Nxf2 10. Rf1 d5 11. Rxf2 Bxf2+ 12. Kxf2 dxe4 13. Qxe4 Qd1 14.
Nbd2 Ba6 15. Nb3 f5 16. Qe1 Qd5 17. Bg5 Bc4 18. Rd1 Qf7 19. Nc5 Bd5 20. e6 Qh5
21. Bf4 Rfe8 22. Qe5 Re7 23. Rxd5 cxd5 24. Qxd5 Rb8 25. b3 h6 26. Nd4 Ree8 27.
Bxc7 Rbc8 28. e7+ Kh8 29. Bd8 Qh4+ 30. g3 Qxh3 31. Nf3 f4 32. gxf4 Qg4 33. Qf7
Rexd8 34. exd8=Q+ Rxd8 35. Ne6 Rd3 36. Qe8+ Kh7 37. Neg5+ hxg5 38. Nxg5+ Kh6
39. Qh8+ Kg6 40. Qh7+ Kf6 41. Qxd3 1-0

[Event "Elit(Sollentuna-Manhem)"]
[Site "?"]
[Date "2007.10.20"]
[Round "2"]
[White "Kinnmark, Ove"]
[Black "Couso, Luis"]
[Result "0-1"]
[WhiteElo "2272"]
[BlackElo "2347"]
[PlyCount "68"]

1. e4 e6 2. d4 d5 3. Nc3 dxe4 4. Nxe4 Bd7 5. Bd3 Bc6 6. Nf3 Nd7 7. O-O Ngf6 8.
Qe2 Be7 9. c3 Bxe4 10. Bxe4 Nxe4 11. Qxe4 c6 12. Re1 Nf6 13. Qc2 O-O 14. Bf4 c5
15. Rad1 Qe8 16. h3 Nd5 17. Bg5 h6 18. Bxe7 Qxe7 19. dxc5 Qxc5 20. Rd4 Qc7 21.
Red1 b6 22. Qd2 Rac8 23. c4 Nf6 24. b3 e5 25. Rh4 Rfd8 26. Qe2 Rxd1+ 27. Qxd1
Rd8 28. Qe2 Nd7 29. Qc2 Nc5 30. b4 Nd3 31. a3 f5 32. Nh2 e4 33. Nf1 Qe7 34. g3
Ne1 0-1

[Event "Elit(Sollentuna-Manhem)"]
[Site "?"]
[Date "2007.10.20"]
[Round "2"]
[White "Bergstrom, Peter"]
[Black "Vas, Peter"]
[Result "1-0"]
[WhiteElo "2349"]
[BlackElo "2227"]
[PlyCount "59"]

1. e4 e5 2. Nf3 Nf6 3. Nxe5 d6 4. Nf3 Nxe4 5. Nc3 Nxc3 6. dxc3 Be7 7. Bf4 Nd7
8. Qd2 Nc5 9. O-O-O O-O 10. Nd4 Re8 11. f3 Ne6 12. Be3 Nxd4 13. cxd4 c6 14. Bd3
Be6 15. Kb1 c5 16. d5 Bd7 17. g4 b5 18. h4 Rc8 19. c3 a5 20. g5 c4 21. Be4 f5
22. gxf6 Bxf6 23. Rdg1 Kh8 24. Bg5 Rf8 25. Qc2 h6 26. Qd2 b4 27. Bxh6 bxc3 28.
Qg2 Rf7 29. Qg6 Qg8 30. Be3 1-0

[Event "Elit(Astorp-Upsala)"]
[Site "?"]
[Date "2007.10.20"]
[Round "2"]
[White "Johansson, Jan"]
[Black "Sjodahl, Pontus"]
[Result "1/2-1/2"]
[WhiteElo "2473"]
[BlackElo "2482"]
[PlyCount "103"]

1. d4 e6 2. c4 Nf6 3. Nf3 d5 4. Bg5 Bb4+ 5. Nbd2 O-O 6. e3 Nbd7 7. Rc1 c6 8.
Bd3 Be7 9. Bxf6 Nxf6 10. O-O Re8 11. Ne5 Bf8 12. c5 g6 13. f4 Nd7 14. Qg4 Bg7
15. Qg3 f6 16. Nxd7 Bxd7 17. Nf3 Re7 18. e4 dxe4 19. Bxe4 Be8 20. Rcd1 Qc7 21.
Bc2 Bf7 22. Bb3 Rd8 23. Nh4 g5 24. fxg5 Qxg3 25. hxg3 fxg5 26. Nf3 Bh5 27. Kh2
Bf6 28. Rde1 Bxf3 29. Rxf3 Kg7 30. Rxe6 Rxe6 31. Bxe6 Rxd4 32. Rb3 Be5 33.
Rxb7+ Kf6 34. Bd7 h5 35. Bxc6 h4 36. Kg1 hxg3 37. Kf1 Rc4 38. b4 a5 39. a3 axb4
40. axb4 Bc3 41. b5 Rxc5 42. Ke2 Be5 43. Kd3 Ke6 44. Ra7 Rc3+ 45. Kd2 Rb3 46.
Ra8 Kd6 47. Rd8+ Kc7 48. Rd5 Bf4+ 49. Kc2 Re3 50. Rf5 Kb6 51. Rf7 Kc5 52. Ra7
1/2-1/2

[Event "Elit(Astorp-Upsala)"]
[Site "?"]
[Date "2007.10.20"]
[Round "2"]
[White "Tairi, Faruk"]
[Black "Glimbrandt, Torbjorn"]
[Result "1-0"]
[WhiteElo "2443"]
[BlackElo "2342"]
[PlyCount "75"]

1. e4 c5 2. Nf3 d6 3. d4 cxd4 4. Nxd4 Nf6 5. Nc3 a6 6. Bg5 e6 7. f4 Qb6 8. Qd2
Qxb2 9. Rb1 Qa3 10. Be2 Be7 11. O-O Nbd7 12. e5 dxe5 13. fxe5 Nxe5 14. Bxf6
gxf6 15. Ne4 f5 16. Rb3 Qa4 17. Nxf5 exf5 18. Nd6+ Bxd6 19. Qxd6 Qe4 20. Re1
Nc6 21. Kf1 Be6 22. Bh5 Qc4+ 23. Rd3 Nd8 24. Rxe6+ Qxe6 25. Qd4 Rg8 26. Re3 Ke7
27. Rxe6+ Nxe6 28. Qb4+ Kf6 29. Qxb7 Rgf8 30. Qb2+ Kg5 31. Bf3 Rab8 32. Qa3
Rfd8 33. Qe3+ Kg6 34. Be2 Rb1+ 35. Kf2 Rd4 36. g3 f4 37. Qe5 fxg3+ 38. hxg3 1-0

[Event "Elit(Astorp-Upsala)"]
[Site "?"]
[Date "2007.10.20"]
[Round "2"]
[White "Andersson, Fredrik"]
[Black "Johansson, Mikael"]
[Result "1/2-1/2"]
[WhiteElo "2326"]
[BlackElo "2361"]
[PlyCount "82"]

1. e4 c5 2. Nf3 Nc6 3. Bb5 Na5 4. O-O a6 5. Be2 d6 6. c3 Nf6 7. Re1 e6 8. d3
Be7 9. Nbd2 O-O 10. d4 cxd4 11. cxd4 Bd7 12. Bd3 Bb5 13. Bb1 Rc8 14. e5 dxe5
15. dxe5 Ng4 16. h3 Nh6 17. Ne4 Qxd1 18. Rxd1 Be2 19. Re1 Bxf3 20. gxf3 Nf5 21.
Nc3 Bb4 22. Bxf5 exf5 23. Rd1 Bxc3 24. bxc3 Nc4 25. f4 h6 26. Rd7 b6 27. Ra7 a5
28. Kf1 Rfd8 29. Ke2 Rd5 30. Rb1 Rcd8 31. Rc7 Nxe5 32. fxe5 Rxe5+ 33. Kf3 Re1
34. Kg2 Rdd1 35. Rxb6 Rxc1 36. Rb8+ Kh7 37. Rb5 Rg1+ 38. Kf3 Rh1 39. Rxf7 Rxh3+
40. Kg2 Rh5 41. Rfxf5 Rxf5 1/2-1/2

[Event "Elit(Astorp-Upsala)"]
[Site "?"]
[Date "2007.10.20"]
[Round "2"]
[White "Ivarsson, Stefan"]
[Black "Magnusson, Jorgen"]
[Result "1-0"]
[WhiteElo "2308"]
[BlackElo "2297"]
[PlyCount "69"]

1. g3 f5 2. Bg2 Nf6 3. c4 e6 4. Nf3 d5 5. O-O Bd6 6. d3 O-O 7. Nbd2 f4 8. e4
fxe3 9. fxe3 c5 10. Qe2 Nc6 11. e4 dxe4 12. Nxe4 e5 13. Nfg5 Nd4 14. Nxf6+ gxf6
15. Bd5+ Kh8 16. Qh5 Qe7 17. Ne4 Be6 18. Bh6 Bxd5 19. Bxf8 Rxf8 20. cxd5 Nc2
21. Rac1 Ne3 22. Rf3 Nxd5 23. Qh6 Bc7 24. Rcf1 Bd8 25. a3 b6 26. Rf5 Rf7 27.
R1f3 Qd7 28. Ng5 Rg7 29. Nxh7 Kg8 30. Rxf6 Bxf6 31. Rxf6 Qe7 32. Rf8+ Qxf8 33.
Nxf8 Kxf8 34. Qd6+ Ne7 35. Qxe5 1-0

[Event "Elit(Astorp-Upsala)"]
[Site "?"]
[Date "2007.10.20"]
[Round "2"]
[White "Lindberg, Henrik"]
[Black "Fagerstrom, Bjorn"]
[Result "1/2-1/2"]
[WhiteElo "2255"]
[BlackElo "2259"]
[PlyCount "80"]

1. e4 e6 2. d4 d5 3. Nc3 Nf6 4. Bg5 dxe4 5. Nxe4 Nbd7 6. Nf3 h6 7. Nxf6+ Nxf6
8. Bh4 Be7 9. Bd3 O-O 10. Qe2 c5 11. dxc5 Qa5+ 12. c3 Qxc5 13. O-O Rd8 14. Rad1
Bd7 15. Ne5 Bc6 16. Kh1 Nd5 17. Bg3 Rac8 18. f4 Nf6 19. Bf2 Qa5 20. Bd4 Qc7 21.
f5 exf5 22. Bxf5 Ra8 23. Rde1 Re8 24. Nxf7 Bd6 25. Be6 Bd5 26. Nxh6+ Kh8 27.
Rxf6 gxf6 28. Bxf6+ Kh7 29. Qd3+ Kxh6 30. Qxd5 Qc5 31. Qxb7 Be7 32. Bd4 Qh5 33.
Qe4 Bg5 34. Qe5 Qg6 35. Qd5 Rad8 36. Qb3 Rb8 37. Qc4 Rbd8 38. Qb3 Rb8 39. Qc4
Rbd8 40. Qb3 Rb8 1/2-1/2

[Event "Elit(Astorp-Upsala)"]
[Site "?"]
[Date "2007.10.20"]
[Round "2"]
[White "Nilsson, Anders"]
[Black "Burwick, Malte"]
[Result "1/2-1/2"]
[WhiteElo "2264"]
[BlackElo "2278"]
[PlyCount "82"]

1. d4 g6 2. c4 Bg7 3. Nc3 d6 4. e4 e5 5. d5 f5 6. Nf3 Nf6 7. Be2 Na6 8. b4 O-O
9. a3 c5 10. b5 Nc7 11. Bg5 h6 12. Bxf6 Qxf6 13. h4 Ne8 14. Nd2 h5 15. a4 Bh6
16. Ra3 Ng7 17. a5 Bd7 18. Bf3 fxe4 19. Ndxe4 Qe7 20. Ne2 Nf5 21. g3 Rf7 22.
O-O Raf8 23. Bg2 Bc8 24. Qb1 Rg7 25. Rf3 Kh7 26. Qc2 Rgf7 27. Qb1 Kg7 28. Qc2
Qd8 29. Ra3 Ne7 30. f4 exf4 31. Qb2+ Kh7 32. Nxf4 Nf5 33. Ne6 Bxe6 34. dxe6 Re7
35. Nf6+ Rxf6 36. Qxf6 Bg7 37. Qg5 Bh6 38. Qf6 Bg7 39. Qg5 Bh6 40. Qf6 Bg7 41.
Qg5 Bh6 1/2-1/2

[Event "Elit(Astorp-Upsala)"]
[Site "?"]
[Date "2007.10.20"]
[Round "2"]
[White "Svensson, Mans"]
[Black "Tallinger, Thomas"]
[Result "1-0"]
[WhiteElo "2231"]
[BlackElo "2200"]
[PlyCount "117"]

1. d4 e6 2. c4 d5 3. Nc3 Nf6 4. cxd5 exd5 5. Bg5 Be7 6. Qc2 O-O 7. e3 Nbd7 8.
Bd3 c6 9. Nge2 Re8 10. O-O Nf8 11. f3 Ng6 12. Rad1 Nh5 13. Bxe7 Qxe7 14. e4
dxe4 15. fxe4 Be6 16. Rf2 Nf6 17. h3 Rad8 18. a3 a6 19. Rdf1 Rf8 20. Na4 b5 21.
Nc5 Bc8 22. b4 Ne8 23. Qc1 Nc7 24. Bb1 Ne6 25. Nb3 Qd6 26. Qc3 Rd7 27. Rc1 Nd8
28. Nc5 Re7 29. Ba2 Rfe8 30. e5 Qb8 31. Ne4 Be6 32. Bxe6 Rxe6 33. Nc5 R6e7 34.
Nxa6 Qa8 35. Nc5 Ra7 36. Ra1 Ree7 37. Ng3 Qc8 38. Nf5 Rec7 39. Nd6 Qb8 40. Raf1
Qa8 41. Rf3 Re7 42. Qb3 Qb8 43. Nce4 Qc7 44. Ng5 Qb6 45. Nc8 Qxd4+ 46. R3f2 Nf4
47. Nxe7+ Rxe7 48. Kh1 Nd5 49. Qg3 h6 50. Nf3 Qc3 51. Qh4 Qxa3 52. Rd1 Kf8 53.
Qe4 Ke8 54. Qh7 Ne6 55. Qh8+ Kd7 56. Qb8 Qxb4 57. Qb7+ Nec7 58. Nd4 Qc5 59. Rc2
1-0

[Event "Elit(Astorp-Upsala)"]
[Site "?"]
[Date "2007.10.20"]
[Round "2"]
[White "Pettersson, Gosta"]
[Black "Holm, Magnus"]
[Result "1-0"]
[WhiteElo "2133"]
[BlackElo "2238"]
[PlyCount "53"]

1. c4 c6 2. Nc3 d5 3. d4 Nf6 4. Nf3 e6 5. e3 Nbd7 6. Qc2 Bd6 7. Bd2 O-O 8. Be2
dxc4 9. Bxc4 b5 10. Bd3 Bb7 11. e4 e5 12. dxe5 Bxe5 13. Nxe5 Nxe5 14. Be2 b4
15. Na4 c5 16. f3 Rc8 17. Be3 c4 18. O-O Qa5 19. a3 b3 20. Qc3 Qb5 21. Qb4 Qc6
22. Rac1 Nxe4 23. Bd4 Ng4 24. Rxc4 Qh6 25. fxg4 Rcd8 26. Qxb7 Rxd4 27. Qxf7+
1-0

[Event "Elit(LASK-Wasa)"]
[Site "?"]
[Date "2007.10.20"]
[Round "2"]
[White "Wedberg, Tom"]
[Black "Tikkanen, Hans"]
[Result "1-0"]
[WhiteElo "2562"]
[BlackElo "2477"]
[PlyCount "67"]

1. e4 e5 2. Nf3 Nc6 3. Bb5 a6 4. Ba4 Nf6 5. O-O Nxe4 6. d4 b5 7. Bb3 d5 8. dxe5
Be6 9. Nbd2 Be7 10. c3 O-O 11. Bc2 f5 12. Nb3 Qd7 13. Re1 a5 14. Bd3 Nd8 15.
Nbd4 c6 16. Nxe6 Qxe6 17. Nd4 Qxe5 18. f3 Bh4 19. Re2 Bf2+ 20. Rxf2 Nxf2 21.
Kxf2 Qxh2 22. Nxf5 Ra7 23. Qg1 Qe5 24. Bg5 Rxf5 25. Bxd8 Rf8 26. Bb6 Raf7 27.
Re1 Qd6 28. Kf1 Qg3 29. Bf2 Qf4 30. Bc5 Rb8 31. Qd4 Qh2 32. Qg4 Qc7 33. Bf5 Kh8
34. Qh5 1-0

[Event "Elit(LASK-Wasa)"]
[Site "?"]
[Date "2007.10.20"]
[Round "2"]
[White "Lund, Esben"]
[Black "Genkin, Michael"]
[Result "1-0"]
[WhiteElo "2445"]
[BlackElo "2351"]
[PlyCount "71"]

1. d4 Nf6 2. c4 g6 3. Nc3 d5 4. Bg5 Ne4 5. Bh4 Nxc3 6. bxc3 dxc4 7. e3 Bg7 8.
Bxc4 O-O 9. Nf3 Nd7 10. O-O Nb6 11. Bb3 Bf6 12. Bg3 Bf5 13. Qe2 Be4 14. Nd2 Bc6
15. e4 Ba4 16. e5 Bg7 17. Ne4 Qc8 18. f4 Bxb3 19. axb3 a6 20. Ra2 Kh8 21. Bh4
f6 22. c4 Nd7 23. e6 Nb6 24. f5 Qe8 25. Nc5 Ra7 26. Bg3 c6 27. Qe3 Nc8 28. Bb8
Ra8 29. Bf4 Ra7 30. Rd2 gxf5 31. d5 b6 32. Nd7 Rxd7 33. exd7 Qxd7 34. Qe6 Qxe6
35. dxe6 h5 36. Rfd1 1-0

[Event "Elit(LASK-Wasa)"]
[Site "?"]
[Date "2007.10.20"]
[Round "2"]
[White "Hellborg, Teodor"]
[Black "Smith, Axel"]
[Result "1/2-1/2"]
[WhiteElo "2392"]
[BlackElo "2403"]
[PlyCount "82"]
[SourceDate "2007.11.03"]

1. d4 d5 2. c4 c6 3. Nc3 Nf6 4. e3 e6 5. Nf3 Nbd7 6. Bd3 dxc4 7. Bxc4 b5 8. Be2
Bb7 9. e4 b4 10. e5 bxc3 11. exf6 cxb2 12. fxg7 bxa1=Q 13. gxh8=Q Qa5+ 14. Nd2
Qf5 15. O-O O-O-O 16. Nc4 Be7 17. Qg7 Bf8 18. Qg3 Nb6 19. Nxb6+ axb6 20. Qdb3
Qxd4 21. Be3 Qde5 22. Qxb6 Rd7 23. Ba6 Qxg3 24. hxg3 Qd5 25. Bxb7+ Rxb7 26. Qa6
Qb5 27. Qa8+ Rb8 28. Qa7 Rb7 29. Qd4 Rd7 30. Qh8 Qb4 31. Qxh7 Kc7 32. Rb1 Qa4
33. Qg8 Rd1+ 34. Rxd1 Qxd1+ 35. Kh2 Qh5+ 36. Kg1 Qd1+ 37. Kh2 Qh5+ 38. Kg1 Qd1+
39. Kh2 Qh5+ 40. Kg1 Qd1+ 41. Kh2 Qh5+ 1/2-1/2